The effect of process infrastructure on the success of ABC / (Record no. 23807)
[ view plain ]
| 000 -LEADER | |
|---|---|
| fixed length control field | 00827nam a22002415a 4500 |
| 005 - DATE AND TIME OF LATEST TRANSACTION | |
| control field | 20170103124844.0 |
| 008 - FIXED-LENGTH DATA ELEMENTS--GENERAL INFORMATION | |
| fixed length control field | 170103s2016 gw a frb 000 0 eng d |
| 020 ## - INTERNATIONAL STANDARD BOOK NUMBER | |
| International Standard Book Number | 9783659882777 |
| 040 ## - CATALOGING SOURCE | |
| Original cataloging agency | EG-ScBUE |
| Language of cataloging | eng |
| Transcribing agency | EG-ScBUE |
| Modifying agency | EG-ScBUE |
| 082 04 - DEWEY DECIMAL CLASSIFICATION NUMBER | |
| Edition number | 22 |
| Classification number | 657.42 |
| Item number | NOH |
| 100 1# - MAIN ENTRY--PERSONAL NAME | |
| Personal name | Abd El-Rahman, Noha. |
| 245 14 - TITLE STATEMENT | |
| Title | The effect of process infrastructure on the success of ABC / |
| Statement of responsibility, etc | Noha Abd El-Rahman. |
| 260 ## - PUBLICATION, DISTRIBUTION, ETC. (IMPRINT) | |
| Place of publication, distribution, etc | Saarbrücken : |
| Name of publisher, distributor, etc | LAP LAMBERT Academic Publishing, |
| Date of publication, distribution, etc | 2016. |
| 300 ## - PHYSICAL DESCRIPTION | |
| Extent | v, 184 p. : |
| Other physical details | ill. ; |
| Dimensions | 24 cm. |
| 504 ## - BIBLIOGRAPHY, ETC. NOTE | |
| Bibliography, etc | Includes bibliographical references. |
| 590 ## - LOCAL NOTE (RLIN) | |
| Local note | Composed by BUE academic. |
| 650 #0 - SUBJECT ADDED ENTRY--TOPICAL TERM | |
| Source of heading or term | BUEsh |
| Topical term or geographic name as entry element | (Produktform)Electronic book text. |
| 650 #0 - SUBJECT ADDED ENTRY--TOPICAL TERM | |
| Topical term or geographic name as entry element | Activity-Based Costing (ABC) |
| Source of heading or term | BUEsh |
| 650 #7 - SUBJECT ADDED ENTRY--TOPICAL TERM | |
| 9 (RLIN) | 27405 |
| Topical term or geographic name as entry element | Plant layout. |
| Source of heading or term | BUEsh |
| 651 ## - SUBJECT ADDED ENTRY--GEOGRAPHIC NAME | |
| Source of heading or term | BUEsh |
| 653 ## - INDEX TERM--UNCONTROLLED | |
| Resource For college | BAEPS, Business Administration |
| Arrived date list | January2017 |
| 942 ## - ADDED ENTRY ELEMENTS (KOHA) | |
| Source of classification or shelving scheme | Dewey Decimal Classification |
| Withdrawn status | Item status | Source of classification or shelving scheme | Damaged status | Not for loan | Vendor | Home library | Current library | Shelving location | Date acquired | Source of acquisition | Cost, normal purchase price | Total Checkouts | Full call number | Barcode | Date last seen | Koha item type |
|---|---|---|---|---|---|---|---|---|---|---|---|---|---|---|---|---|
| Dewey Decimal Classification | Baccah | Central Library | Central Library | First floor | 03/01/2017 | Purchase | 1150.00 | 657.42 NOH | 000040714 | 15/07/2025 | Book - Borrowing | |||||
| Dewey Decimal Classification | Baccah | Central Library | Central Library | First floor | 03/01/2017 | Purchase | 1150.00 | 657.42 NOH | 000040715 | 15/07/2025 | Book - Borrowing |